00765nam a22002057a 4500003000500000005001700005008004100022010001000063011001000073035001100083040000900094100003800103245012600141260004100267502008700308530003600395650004100431650002300472856006400495CHAP20220329143223.0070413d2007 mx a b r 00110 spa d a93499 a94471 a105061 cCHAP1 aGonzález Ovando, María Luisa.10aPropuesta de manejo del área verde " Plaza Milenio", Coacalco, Estado de Méxicoc/por González Ovando María Luisa aChapingo, Méx. :bEl autor,c2007. aTesis (Ing. en Restauración Forestal) -- UACH, División de Ciencias Forestales aTambién disponible en línea04aArboricultura urbanazMexico (Edo.).04aEcología urbana. 3Finding aiduhttp://10.13.5.2/tesis/105061.pdfzTeclea aqui